| Поле | Инд. | ПП | Название | Значение |
|---|---|---|---|---|
| Тип записи | a | |||
| Библиографический уровень | m | |||
| 001 | Контрольный номер | 5909cae8-e0f6-4490-85e9-f040b78c4ece | ||
| 005 | Дата корректировки | 20140226180531.3 | ||
| 008 | Кодируемые данные | 960426 d | ||
| 020 | c | Цена, тираж | 1.50 | |
| 080 | a | Индекс УДК | 536.7(075.8) | |
| a | Индекс УДК | 531.19(075.8) | ||
| 084 | a | Индекс другой классификации/Индекс ББК | В317я731-1 | |
| 090 | x | Авторский знак | Р87 | |
| a | Полочн. индекс | 530.14 | ||
| 100 | 1_ | a | Автор | Румер Юрий Борисович |
| 245 | 1_ | a | Заглавие | Термодинамика, статистическая физика и кинетика |
| 250 | a | Основные сведения об издании | 2.изд., испр. и доп. | |
| 260 | 0_ | a | Место издания | Москва |
| b | Издательство | Наука | ||
| c | Дата издания | 1977 | ||
| 300 | a | Объем | 552 с. | |
| b | Иллюстрации/ тип воспроизводства | граф. | ||
| 504 | a | Библиография | Библиогр.: с.551-552. | |
| 650 | a | Основная рубрика | Термодинамика | |
| x | Основная подрубрика | Учебники для вузов | ||
| 650 | a | Основная рубрика | Статистическая физика | |
| 650 | a | Основная рубрика | Физическая кинетика | |
| 653 | a | Ключевые слова | Физическая кинетика | |
| a | Ключевые слова | Статистическая физика | ||
| a | Ключевые слова | Термодинамика | ||
| a | Ключевые слова | Учебники | ||
| 700 | 1_ | a | Другие авторы | Рывкин Моисей Шоломович |
| e | Роль лиц | авт. | ||
| 852 | p | Инвентарный номер | 434052 | |
| p | Инвентарный номер | 434053 | ||
| p | Инвентарный номер | 434383 | ||
| p | Инвентарный номер | 434384 | ||
| p | Инвентарный номер | 1743 - 10 экз. | ||
| 930 | a | Новая/Ретро | учебники | |
| 954 | a | Дата поступления на обработку | 20011002 | |
| 999 | a | Подразделение 2 | Фил3 |